000
00212 a2200097 4500
001
18953
100
_a
Aitken A C
245
_a
Statistical mathematics
260
_a
_b
Oliver & Boyd
_c
1944
090
_c
14041
_d
14041
942
_a
NUST-CAE
_c
M
_c
4494
999
_c
254026
_d
254026